Normal view
MARC view
- Muhammad Mohsin Aslam
Entry Personal Name
001 - CONTROL NUMBER
- control field: 72617
003 - CONTROL NUMBER IDENTIFIER
- control field: NUST
005 - DATE AND TIME OF LATEST TRANSACTION
- control field: 20210628204839.0
008 - FIXED-LENGTH DATA ELEMENTS
- fixed length control field: 210628|| aca||aabn | a|a d
040 ## - CATALOGING SOURCE
- Original cataloging agency: NUST
- Transcribing agency: NUST
100 ## - HEADING--PERSONAL NAME
- Personal name: Muhammad Mohsin Aslam
670 ## - SOURCE DATA FOUND
- Source citation: Work cat.: (NUST): Muhammad Mohsin Aslam, TH-SOF-0948-MODELING, ELECTROMAGNETIC SIMULATIOSNS AND POSITION CONTROL OF RADIAL FLUX BRUSHLESS DC MOTOR, 2001
